LDR 01188naa#a2200181#i#450# 001 RU\INFRA-M\bibl\120321 005 20260704203953.6 011 ## _a2500-3291 100 ## _a20260601b2026####ek#y0rusy0150####ca 102 ## _aRU 200 1# _aУправление сотрудничеством университета и торгово-промышленной палаты по модели солидарного ноообщественного альянса (на примере УрГЭУ и Уральской ТПП) _eЖурнальная статья 210 1# _aМосква _cОбщество с ограниченной ответственностью «Научно-издательский центр ИНФРА-М» _d2026 215 ## _a6 с. 608 ## _aЖурнальная статья _2local 675 ## _aЭкономика. Экономические науки. 33 _aЭкономическое положение. Экономическая политика. Управление и планирование в экономике. Производство. Услуги. Цены. 338 _z 700 #1 _aПьянкова _gС. Г. 700 #1 _aЗорин _gМ. А. 856 4# _anaukaru.ru _u